Online
Catalog

Problemas económicos contemporáneos / (Record no. 24292)

MARC details
000 -CABECERA
campo de control de longitud fija 01156nam a2200301 a 4500
001 - NÚMERO DE CONTROL
campo de control 000024799
005 - FECHA Y HORA DE LA ÚLTIMA TRANSACCIÓN
campo de control 20250925082330.0
008 - DATOS DE LONGITUD FIJA--INFORMACIÓN GENERAL
campo de control de longitud fija 110204s1982 mx r 000 0 spa d
040 ## - FUENTE DE LA CATALOGACIÓN
Centro catalogador/agencia de origen DO-SdBNP
Lengua de catalogación spa
Centro/agencia transcriptor BNPHU
041 17 - CÓDIGO DE LENGUA
Código de lengua del texto/banda sonora o título independiente spa
Código de lengua original eng
Fuente del código Código de idioma MARC
082 ## - NÚMERO DE LA CLASIFICACIÓN DECIMAL DEWEY
Número de clasificación 330.904
Número de documento/Ítem P962e
049 ## - FONDOS LOCALES (OCLC)
Fondos de biblioteca BNGR
245 01 - MENCIÓN DE TÍTULO
Título Problemas económicos contemporáneos /
Mención de responsabilidad, etc. compilador William Fellner ; traducción al español Ma. Elisa Moreno Canalejas.
260 ## - PUBLICACIÓN, DISTRIBUCIÓN, ETC.
Lugar de publicación, distribución, etc. México :
Nombre del editor, distribuidor, etc. Ediciones Gernika,
Fecha de publicación, distribución, etc. 1982.
300 ## - DESCRIPCIÓN FÍSICA
Extensión 334, [2] p. :
Otras características físicas il. ;
Dimensiones 21 cm.
490 1# - MENCIÓN DE SERIE
Mención de serie Gernika
Designación de volumen o secuencia 4
504 ## - NOTA DE BIBLIOGRAFÍA, ETC.
Nota de bibliografía, etc. Incluye referencias bibliográficas
500 ## - NOTA GENERAL
Nota general Incluye notas al pie de las páginas
534 ## - NOTA SOBRE LA VERSIÓN ORIGINAL
Encabezamiento principal del original Título original:
Mención de título del original Essay in contemporary economic problems. Demand, productivity and population.
650 #0 - PUNTO DE ACCESO ADICIONAL DE MATERIA--TÉRMINO DE MATERIA
Término de materia o nombre geográfico como elemento de entrada Política económica
9 (RLIN) 84931
650 #0 - PUNTO DE ACCESO ADICIONAL DE MATERIA--TÉRMINO DE MATERIA
Término de materia o nombre geográfico como elemento de entrada Relaciones económicas internacionales
9 (RLIN) 1067
650 #0 - PUNTO DE ACCESO ADICIONAL DE MATERIA--TÉRMINO DE MATERIA
Término de materia o nombre geográfico como elemento de entrada Desarrollo económico
9 (RLIN) 85548
650 #0 - PUNTO DE ACCESO ADICIONAL DE MATERIA--TÉRMINO DE MATERIA
Término de materia o nombre geográfico como elemento de entrada Crisis económica
9 (RLIN) 9159
650 #4 - PUNTO DE ACCESO ADICIONAL DE MATERIA--TÉRMINO DE MATERIA
Término de materia o nombre geográfico como elemento de entrada Sistemas económicos
9 (RLIN) 7422
700 1# - PUNTO DE ACCESO ADICIONAL--NOMBRE DE PERSONA
Nombre de persona Fellner, William John
Término indicativo de función/relación comp.
9 (RLIN) 50890
700 1# - PUNTO DE ACCESO ADICIONAL--NOMBRE DE PERSONA
Nombre de persona Moreno Canalejas, María Elisa,
Término indicativo de función/relación tr.
9 (RLIN) 50891
830 #0 - PUNTO DE ACCESO ADICIONAL DE SERIE-TÍTULO UNIFORME
Título uniforme Gernika
9 (RLIN) 50892
Holdings
Estado de retiro Estado de pérdida Restricciones de uso No para préstamo Código de colección Localización permanente Ubicación/localización actual Ubicación en estantería Fecha de adquisición Número de inventario Total de préstamos Signatura topográfica completa Código de barras Fecha visto por última vez Precio válido a partir de Tipo de ítem Koha
        Monografías: Libros y Folletos General General En catalogación 04.02.2011 LF1   330.904 P962e 24799-10 25.06.2020 25.06.2020 Préstamo en sala

Powered by Koha